Bernard Shaw

Guardado en:
書目詳細資料
主要作者: Ward, A. C.
格式: 圖書
語言:Undetermined
出版: Londres, Inglaterra Longmans, Green & Co. 1966
主題:
標簽: 添加標簽
沒有標簽, 成為第一個標記此記錄!

MARC

LEADER 00000nam a2200000Ia 4500
008 170316s9999 xx 000 0 und d
090 |a B-820 W-1b 
100 |a Ward, A. C. 
245 |a Bernard Shaw 
260 |a Londres, Inglaterra 
260 |b Longmans, Green & Co. 
260 |c 1966 
300 |a 59 páginas 
650 |a LITERATURA INGLESA 
650 |a BIOGRAFÍA 
999 |c 28075  |d 28075 
040 |a cru BVZT 
942 |c 15 D  |h B-820 W-1b  |2 z